مكتبة جامعة عجلون الوطنية

فهرس بحث المكتبة

Normal view MARC view
  • بقلم الشريف، سميح

Entry Personal Name

Number of records used in: 1

001 - CONTROL NUMBER

  • control field: 50275

003 - CONTROL NUMBER IDENTIFIER

  • control field: JO-AjAnu

005 - DATE AND TIME OF LATEST TRANSACTION

  • control field: 20230606082259.0

008 - FIXED-LENGTH DATA ELEMENTS

  • fixed length control field: 230606|| aca||aabn | a|a d

040 ## - CATALOGING SOURCE

  • Original cataloging agency: JO-AjAnu
  • Transcribing agency: JO-AjAnu

100 ## - HEADING--PERSONAL NAME

  • Personal name: بقلم الشريف، سميح

670 ## - SOURCE DATA FOUND

  • Source citation: Work cat.: (JO-AjAnu)25704: بقلم الشريف، سميح, author, ثقافنتا بين العقل الأدنى والعقل الأسمى والإستخلاف